Statistics for Lyrics to Carolina by Harry Styles

Click here to take the quiz!

General Stats

  • This quiz has been taken 1,244 times
  • The average score is 204 of 240

Answer Stats

Carolina% Correct
a
99%
She
99%
she
99%
I
98%
she's
98%
Chorus | Verse 1 | Verse 2She's
98%
Carolina
97%
her
96%
in
96%
So
96%
so
96%
girl
95%
good
95%
got
95%
Feels
92%
feels
92%
IntroOh
92%
oh
92%
family
91%
you
91%
far
90%
home
90%
such
90%
from
89%
away
87%
ever
87%
told
87%
but
86%
grandma
86%
before
85%
drown
85%
situation
85%
swim
85%
for
84%
of
84%
remind
84%
says
84%
better
83%
every
83%
the
83%
all
82%
book
82%
hears
82%
about
81%
about?
81%
could
81%
without
81%
yeah
81%
Feeling
80%
How
80%
out
79%
parties
79%
down?
78%
into
78%
me
78%
Gets
77%
never
77%
And
76%
and
76%
think
76%
turn
76%
as
75%
Moved
75%
way
75%
West
75%
cause
74%
Coaster
74%
herself
74%
saw
74%
invitations
72%
that
72%
it
70%
la
70%
La
70%
now
70%
song
70%
Townes
70%
just
69%
wrote
69%
found
68%
met
68%
once
68%
guess
67%
not
67%
tell
67%
wanna
67%
hope
66%
shout
66%
sink
66%
drink
65%
scream
65%
There's
64%
Well
62%
would
57%

Score Distribution

Percentile by Number Answered

Percent of People with Each Score

Your Score History

You have not taken this quiz